000
00208 a2200097 4500
001
14145
100
_a
Harris T.A
245
_a
I' M ok you're ok
260
_a
New York
_b
Harper row
_c
090
_c
11089
_d
11089
942
_a
NUST-CAE
_c
M
_c
1213
999
_c
249218
_d
249218